| 000 | 00688nam a2200181 i 4500 | ||
|---|---|---|---|
| 001 | 24278 | ||
| 003 | ES-MaACL | ||
| 005 | 20251003165943.0 | ||
| 007 | t| | ||
| 008 | 021216s1876 fr ||||1| fre d | ||
| 100 | 1 |
_aAmussat, Auguste Alphonse, _d1820-1878 _921356 |
|
| 245 | 1 | 0 |
_aMémoires sur la galvanocaustique thermique / _cpar le docteur A. Amussat Fils ; avec 44 figures intercalées dans le texte dessinées par Faguet, gravées par MM. Blanadet, Rapine, Salle et Thiébault. |
| 260 |
_aParis : _bBaillière, _c1876. |
||
| 300 |
_a125 p. : _bil. ; _c25 cm. |
||
| 700 | 1 |
_aFaguet, Auguste, _d1841-1898 _9170205 |
|
| 852 |
_aES-MaACL _jT-619-F-4 |
||
| 999 |
_c24278 _d24278 |
||